| 000 | 00000nam##2200000za#4500 |
| 001 | 9.649201 |
| 003 | CaOODSP |
| 005 | 20210615113547 |
| 007 | ta |
| 008 | 150407|2004||||xxc||||| f|0| 0 eng|d |
| 020 | |a0-662-36226-8 |
| 040 | |aCaOODSP|beng |
| 043 | |an-cn--- |
| 086 | 1 |aA22-383/2004E |
| 110 | 1 |aCanada. |bAgriculture and Agri-Food Canada. |
| 245 | 14|aThe Canada-Manitoba Water Supply Expansion Program : |bensuring long-term access to good-quality water |
| 260 | |aOttawa - Ontario : |bAgriculture and Agri-Food Canada |c2004. |
| 300 | |a7p. : |bcoloured illus. ; |c22 cm. |
| 520 | 3 |aThis booklet is an introduction to a program to give Manitobans access to technical and financial support for the planning and development of projects that will improve their ability to develop and enhance long-term, sustainable agricultural water supplies. It explains who can participate in the program, what kinds of projects are eligible, what financial assistance is available, and how and when to apply. |
| 563 | |aSoftcover |
| 590 | |a04-29|b2004-07-16 |
| 690 | 07|aWater supply|2gcpds |
| 775 | 08|tProgramme d'approvisionnement en eau Canada-Manitoba : |w(CaOODSP)9.682414 |
| 776 | 0#|tThe Canada-Manitoba Water Supply Expansion Program : |w(CaOODSP)9.686864 |
| 986 | |aAAFC No. 2253E |